| 000 | 00768cab a2200253 4500 | ||
|---|---|---|---|
| 001 | WB3401-89 | ||
| 008 | 090401t1997 xxu||||| |||| 00| 0 eng d | ||
| 035 | _a(Sirsi) u83031 | ||
| 041 | _aeng | ||
| 245 | _aControlling nitrate from farmland | ||
| 260 | _c1997 | ||
| 350 | _a0 | ||
| 490 |
_aMAFF News Release _v(411/97) 22 December 1997 (2) |
||
| 520 | _aA consultation paper is issued on draft regulations to regulate the use of nitrogen fertilisers in nitrate vulnerable zones, due to come into force 19 December 1998. | ||
| 650 | _aFARMLAND | ||
| 650 | _aGROUNDWATER | ||
| 650 | _aLEACHING | ||
| 650 | _aNITRATE VULNERABLE ZONES | ||
| 650 | _aNITRATE | ||
| 650 | _aWATER POLLUTION | ||
| 690 | _aRURAL PRACTICE | ||
| 942 | _n0 | ||
| 948 | _c08/01/1998 | ||
| 999 |
_c52456 _d52456 |
||